Statistiques concernant Les joueurs avec le plus de dribbles réussis par saison depuis 2009/10

Cliquez ici pour prendre le quiz!

Statistiques générales

  • Ce quiz a été pris 113 fois
  • Le résultat moyen est 11 sur 14

Statistiques - réponses

Dribbles
Réussis
JoueursSaison% Correct
188Lionel Messi2020/21
100%
239Lionel Messi2019/20
100%
222Lionel Messi2017/18
100%
266Lionel Messi2014/15
100%
220Lionel Messi2011/12
100%
265Lionel Messi2010/11
100%
202Lionel Messi2009/10
100%
218Neymar2016/17
86%
189Neymar2015/16
86%
159Vinicius Junior2022/23
72%
150Franck Ribery2012/13
45%
170Eden Hazard2018/19
43%
174Eden Hazard2013/14
43%
150Allan Saint-Maximin2021/22
31%

Distribution des résultats

Percentile par nombre de réponses

% des personnes avec chaque résultat

Votre développement - résultats

Vous n’avez pas pris ce quiz